[Event "World Cup"]
[Site "Khanty-Mansiysk RUS"]
[Date "2007.11.27"]
[EventDate "2007.11.24"]
[Round "2.1"]
[Result "1/2-1/2"]
[White "David Baramidze"]
[Black "Leinier Dominguez Perez"]
[WhiteElo "2569"]
[BlackElo "2683"]
[PlyCount "214"]

1. e4 c5 2. Nf3 d6 3. d4 cxd4 4. Nxd4 Nf6 5. Nc3 a6 6. Bg5 e6
7. f4 Nc6 8. e5 h6 9. Bh4 g5 10. fxg5 Nd5 11. Nxd5 exd5
12. exd6 Bxd6 13. Qe2+ Kf8 14. O-O-O hxg5 15. Bf2 Qf6 16. Kb1
Be5 17. Qf3 Bxd4 18. Bxd4 Qxf3 19. gxf3 Nxd4 20. Rxd4 Be6
21. a4 a5 22. h4 Ke7 23. Bd3 Kd6 24. h5 f5 25. h6 Ke5 26. c3
Rh7 27. Re1+ Kd6 28. f4 gxf4 29. c4 Rxh6 30. cxd5 Bd7 31. Rxf4
Rah8 32. Rff1 Rf8 33. Rf4 Rfh8 34. Rff1 Rf8 35. Rf4 Rg6
36. Rh4 Rgf6 37. b4 f4 38. bxa5 f3 39. Kc2 f2 40. Rf1 Rf3
41. a6 bxa6 42. Rh6+ R8f6 43. Rxf6+ Rxf6 44. Bxa6 Bh3 45. Rd1
f1=Q 46. Bxf1 Bxf1 47. Kc3 Bg2 48. Kc4 Bf1+ 49. Kc3 Rf8 50. a5
Bb5 51. Rh1 Kc5 52. Rh5 Rf3+ 53. Kd2 Bc4 54. d6+ Kxd6 55. a6
Ra3 56. Rg5 Bd5 57. a7 Rxa7 58. Ke3 Ra4 59. Rg6+ Kc5 60. Rg7
Ra3+ 61. Kf4 Kd4 62. Kg4 Be6+ 63. Kf4 Ra8 64. Rg3 Rf8+ 65. Kg5
Bd5 66. Rg4+ Ke5 67. Rg3 Be4 68. Kh4 Rf2 69. Kg5 Rh2 70. Rg1
Rh3 71. Rg4 Bf3 72. Rg1 Rh5+ 73. Kg6 Rh8 74. Re1+ Be4+ 75. Kf7
Rh7+ 76. Ke8 Ra7 77. Kf8 Kf5 78. Ke8 Rh7 79. Kd8 Rg7 80. Re2
Ke5 81. Re1 Ra7 82. Ke8 Kd5 83. Kf8 Rb7 84. Re2 Bf5 85. Re7
Rb6 86. Re1 Be4 87. Re2 Re6 88. Ra2 Ke5 89. Ra7 Rb6 90. Ke7
Rh6 91. Rc7 Bc6 92. Kd8 Rh8+ 93. Ke7 Bd5 94. Rd7 Rc8 95. Ra7
Rc6 96. Rd7 Ra6 97. Rc7 Bc6 98. Kf8 Kd6 99. Rf7 Bd5 100. Rf1
Ra8+ 101. Kg7 Rg8+ 102. Kh7 Rg3 103. Ra1 Ke6 104. Ra6+ Kf7
105. Kh6 Be6 106. Kh5 Kf6 107. Ra4 Ke5 1/2-1/2

[Event "World Cup"]
[Site "Khanty-Mansiysk RUS"]
[Date "2007.11.28"]
[EventDate "2007.11.24"]
[Round "2.2"]
[Result "1-0"]
[White "Leinier Dominguez Perez"]
[Black "David Baramidze"]
[WhiteElo "2683"]
[BlackElo "2569"]
[PlyCount "57"]

1. e4 c5 2. Nf3 d6 3. d4 cxd4 4. Nxd4 Nf6 5. Nc3 Nc6 6. Bg5 e6
7. Qd2 Be7 8. O-O-O Nxd4 9. Qxd4 O-O 10. f3 a6 11. h4 b5
12. Kb1 Qc7 13. Qd2 Bb7 14. Bd3 Rfd8 15. Ne2 e5 16. Nc3 Rac8
17. Bxf6 Bxf6 18. Nd5 Bxd5 19. exd5 e4 20. Bxe4 Qc4 21. g4 Re8
22. g5 Be5 23. h5 b4 24. Rh4 Qb5 25. Bd3 Qc5 26. Rc4 Qxc4
27. Bxc4 Rxc4 28. Re1 Rec8 29. Qd3 1-0

[Event "Olympiad"]
[Site "Dresden GER"]
[Date "2008.11.14"]
[EventDate "2008.11.13"]
[Round "2"]
[Result "1/2-1/2"]
[White "Leinier Dominguez Perez"]
[Black "Rustam Mashrukovich Kasimdzhanov"]
[WhiteElo "2719"]
[BlackElo "2672"]
[PlyCount "64"]

1. e4 c5 2. Nf3 d6 3. d4 cxd4 4. Nxd4 Nf6 5. Nc3 g6 6. Be3 Bg7
7. f3 O-O 8. Qd2 Nc6 9. Bc4 Bd7 10. O-O-O Rc8 11. Bb3 Ne5
12. Kb1 Re8 13. h4 h5 14. g4 hxg4 15. h5 Nxh5 16. Bh6 Kh7
17. Bxg7 Kxg7 18. fxg4 Bxg4 19. Nf5+ Bxf5 20. exf5 Rh8
21. fxg6 Nxg6 22. Nd5 Nf6 23. Nxf6 exf6 24. Rxh8 Qxh8 25. Qd5
Rc7 26. Rh1 Re7 27. a3 Qe8 28. Ka2 b6 29. Qh5 Qh8 30. Qf3 Qc8
31. Qh5 Qh8 32. Qf3 Qc8 1/2-1/2

[Event "Olympiad"]
[Site "Dresden GER"]
[Date "2008.11.16"]
[EventDate "2008.11.13"]
[Round "4"]
[Result "1-0"]
[White "Leinier Dominguez Perez"]
[Black "Eduardo Patricio Iturrizaga Bonelli"]
[WhiteElo "2719"]
[BlackElo "2538"]
[PlyCount "45"]

1. e4 c5 2. Nf3 Nc6 3. d4 cxd4 4. Nxd4 g6 5. Nc3 Bg7 6. Be3
Nf6 7. Bc4 O-O 8. Bb3 a5 9. O-O d6 10. Ndb5 b6 11. Qe2 Ba6
12. Rad1 Nd7 13. f4 Bxc3 14. bxc3 a4 15. Bd5 Rc8 16. e5 e6
17. Bxc6 Rxc6 18. c4 f6 19. Nxd6 fxe5 20. fxe5 Rxf1+ 21. Rxf1
Nxe5 22. Bh6 Rc5 23. Qf2 1-0

[Event "Olympiad"]
[Site "Dresden GER"]
[Date "2008.11.17"]
[EventDate "2008.11.13"]
[Round "5"]
[Result "1/2-1/2"]
[White "Ngoc Truongson Nguyen"]
[Black "Leinier Dominguez Perez"]
[WhiteElo "2567"]
[BlackElo "2719"]
[PlyCount "90"]

1. d4 d5 2. c4 dxc4 3. e4 e5 4. Nf3 exd4 5. Bxc4 Bb4+ 6. Nbd2
Nc6 7. O-O Nf6 8. e5 Nd5 9. a3 Be7 10. Qb3 Na5 11. Qa4+ Nc6
12. Nxd4 Nb6 13. Nxc6 Nxa4 14. Nxd8 Bxd8 15. Ne4 Be7 16. f4
Nb6 17. Bb3 Bf5 18. Re1 Rd8 19. Ng3 Be6 20. Bxe6 fxe6 21. Be3
Rd3 22. Bxb6 axb6 23. Ne4 O-O 24. g3 Rfd8 25. Rac1 c6 26. Re2
Kf7 27. Kg2 b5 28. Rf1 R8d4 29. Rf3 b4 30. Rxd3 Rxd3 31. axb4
Rb3 32. g4 Rxb4 33. f5 h5 34. h3 hxg4 35. hxg4 exf5 36. gxf5
Rb3 37. Ng3 Bg5 38. f6 Kg6 39. Nf5 Bxf6 40. exf6 Kxf6 41. Nd6
Rb4 42. Kg3 g5 43. Ne4+ Kf5 44. Nd6+ Kf6 45. Ne4+ Ke5 1/2-1/2

[Event "Olympiad"]
[Site "Dresden GER"]
[Date "2008.11.22"]
[EventDate "2008.11.13"]
[Round "9"]
[Result "1/2-1/2"]
[White "Leinier Dominguez Perez"]
[Black "Peter Leko"]
[WhiteElo "2719"]
[BlackElo "2747"]
[PlyCount "63"]

1. e4 e5 2. Nf3 Nf6 3. Nxe5 d6 4. Nf3 Nxe4 5. d4 d5 6. Bd3 Nc6
7. O-O Be7 8. c4 Nb4 9. Be2 O-O 10. Nc3 Bf5 11. a3 Nxc3
12. bxc3 Nc6 13. Re1 Re8 14. Bf4 dxc4 15. Bxc4 Bd6 16. Rxe8+
Qxe8 17. Bxd6 cxd6 18. Ng5 Bg6 19. h4 Qe7 20. Qg4 h6 21. h5
Bxh5 22. Qxh5 hxg5 23. Rd1 Rf8 24. Rd3 Qe1+ 25. Kh2 Qxf2
26. Rh3 Qf4+ 27. g3 Qd2+ 28. Kg1 Qc1+ 29. Kf2 Qc2+ 30. Kf1
Qc1+ 31. Kf2 Qc2+ 32. Kf1 1/2-1/2

[Event "Olympiad"]
[Site "Dresden GER"]
[Date "2008.11.23"]
[EventDate "2008.11.13"]
[Round "10"]
[Result "1/2-1/2"]
[White "Sergei Zhigalko"]
[Black "Leinier Dominguez Perez"]
[WhiteElo "2592"]
[BlackElo "2719"]
[PlyCount "120"]

1. e4 c5 2. c3 Nf6 3. e5 Nd5 4. Nf3 Nc6 5. d4 cxd4 6. cxd4 d6
7. Bc4 e6 8. Qe2 Be7 9. O-O O-O 10. Re1 Bd7 11. Nc3 Nxc3
12. bxc3 dxe5 13. dxe5 Qc7 14. Bd3 Rfd8 15. Bf4 Be8 16. Rad1
Rd5 17. c4 Ra5 18. Bb1 Rd8 19. h4 Rxd1 20. Rxd1 g6 21. h5 Ra4
22. Ng5 Bxg5 23. Bxg5 Qxe5 24. Qxe5 Nxe5 25. Rd8 Kf8 26. Rb8
b6 27. Bf4 Nxc4 28. Bc2 Ra5 29. Bb3 g5 30. Bc1 Ne5 31. a4 f6
32. Ba3+ Kf7 33. Bb4 Ra6 34. Rb7+ Nd7 35. g4 b5 36. a5 Rc6
37. Rxb5 Rc7 38. Bd6 Ne5 39. Rb8 Rc1+ 40. Kg2 Bc6+ 41. f3 Nxf3
42. Kf2 Nd2 43. Ke3 Ne4 44. Bb4 Nc5 45. Ba2 Nd7 46. Rc8 Rc2
47. Bb3 Rb2 48. Bxe6+ Kxe6 49. Rxc6+ Kf7 50. Bc3 Rg2 51. Rc7
Ke6 52. Rxa7 Rg3+ 53. Kd2 Rxg4 54. Ra8 Ra4 55. Rh8 Nc5 56. Kc2
Ra2+ 57. Kb1 Ra3 58. Kc2 Ra2+ 59. Kb1 Ra3 60. Kc2 Ra2+ 1/2-1/2

[Event "Linares"]
[Site "Linares ESP"]
[Date "2009.03.02"]
[EventDate "2009.02.19"]
[Round "10"]
[Result "1/2-1/2"]
[White "Viswanathan Anand"]
[Black "Leinier Dominguez Perez"]
[WhiteElo "2791"]
[BlackElo "2717"]
[PlyCount "69"]

1. d4 Nf6 2. c4 g6 3. Nc3 d5 4. Nf3 Bg7 5. Qb3 dxc4 6. Qxc4
O-O 7. e4 a6 8. Be2 b5 9. Qb3 c5 10. dxc5 Bb7 11. O-O Nbd7
12. e5 Ng4 13. e6 Qb8 14. exd7 Bxf3 15. g3 Bxe2 16. Nxe2 Qc7
17. Bf4 Qxd7 18. Rac1 Rac8 19. Rfd1 Qf5 20. Rd5 Qe4 21. f3
Qxe2 22. Rd2 Bd4+ 23. Kh1 Qe6 24. Rxd4 Qc6 25. Qd5 e5 26. Qxc6
Rxc6 27. Rd6 Rxd6 28. cxd6 Nf2+ 29. Kg2 Nd3 30. Rc3 exf4
31. Rxd3 fxg3 32. Kxg3 Kg7 33. Rc3 Rd8 34. Rc6 a5 35. Rb6
1/2-1/2

[Event "M-Tel Masters"]
[Site "Sofia BUL"]
[Date "2009.05.13"]
[EventDate "2009.05.13"]
[Round "1"]
[Result "1/2-1/2"]
[White "Wang Yue"]
[Black "Leinier Dominguez Perez"]
[WhiteElo "2738"]
[BlackElo "2717"]
[PlyCount "129"]

1. d4 Nf6 2. c4 g6 3. Nc3 d5 4. Bf4 Bg7 5. e3 c5 6. dxc5 Qa5
7. Rc1 dxc4 8. Bxc4 O-O 9. Nge2 Qxc5 10. Qb3 Nc6 11. Nb5 Qh5
12. Ng3 Qh4 13. Nc7 e5 14. Bg5 Qxg5 15. h4 Qg4 16. Nxa8 e4
17. Nc7 Na5 18. Qb5 Nxc4 19. Qxc4 Bd7 20. Nd5 Nxd5 21. Qxd5
Bxb2 22. Rc2 Bc6 23. Qg5 Qxg5 24. hxg5 Be5 25. Ne2 Rd8 26. Rd2
Re8 27. O-O Kg7 28. Rc1 h6 29. Nd4 Bxd4 30. gxh6+ Kxh6
31. exd4 Rd8 32. a3 f5 33. g3 Bd5 34. Kf1 g5 35. Ke2 Kg6
36. Rdc2 Bc6 37. Ke3 Kh5 38. Rc5 Bd5 39. Ra5 Kg4 40. Rcc5 Be6
41. Rxa7 b6 42. Rc1 Bd5 43. Rg7 Ra8 44. Rc3 Ra4 45. Rg6 b5
46. Rf6 Bc4 47. Rd6 Bd3 48. f4 Kxg3 49. Rg6 g4 50. d5 b4
51. axb4 Ra2 52. d6 Bb5 53. Rg7 Re2+ 54. Kd4+ Kxf4 55. Kc5 Rd2
56. Kxb5 Rxd6 57. Rc1 Re6 58. Rf1+ Kg3 59. Rf7 Re5+ 60. Kc4 e3
61. R7xf5 Rxf5 62. Rxf5 e2 63. Re5 Kf2 64. b5 e1=Q 65. Rxe1
1/2-1/2

[Event "M-Tel Masters"]
[Site "Sofia BUL"]
[Date "2009.05.15"]
[EventDate "2009.05.13"]
[Round "3"]
[Result "1/2-1/2"]
[White "Veselin Topalov"]
[Black "Leinier Dominguez Perez"]
[WhiteElo "2812"]
[BlackElo "2717"]
[PlyCount "101"]

1.e4 c5 2.Nf3 d6 3.d4 cxd4 4.Nxd4 Nf6 5.Nc3 a6 6.Be3 e5 7.Nb3
Be7 8.f3 Be6 9.Qd2 O-O 10.O-O-O a5 11.Qe1 Qc8 12.a4 Nc6 13.g4
Nb4 14.Kb1 d5 15.g5 Ne8 16.exd5 Bf5 17.Rd2 Nc7 18.Qd1 Rd8
19.Na1 Ne8 20.Bb5 Nd6 21.Qe2 Nxb5 22.Qxb5 Ra6 23.Rhd1 Rad6
24.h4 Bd7 25.Qc5 b6 26.Qxc8 Bxc8 27.Nb3 f6 28.gxf6 gxf6 29.Ne4
Rxd5 30.Bxb6 Rxd2 31.Nbxd2 Rd5 32.Nc3 Rd7 33.Bxa5 Bb7 34.Rg1+
Kf7 35.Nde4 f5 36.Ng5+ Kg6 37.h5+ Kg7 38.Nb5 h6 39.Ne6+ Kf7
40.Nbc7 Nc6 41.Bb6 Nb4 42.c3 Nd5 43.Rg7+ Kf6 44.Rg6+ Kf7 45.a5
Nxb6 46.axb6 Bxf3 47.b4 f4 48.Rg7+ Kf6 49.Rg6+ Kf7 50.Rg7+ Kf6
51.Rg6+ 1/2-1/2

[Event "M-Tel Masters"]
[Site "Sofia BUL"]
[Date "2009.05.16"]
[EventDate "2009.05.13"]
[Round "4"]
[Result "1/2-1/2"]
[White "Leinier Dominguez Perez"]
[Black "Vassily Ivanchuk"]
[WhiteElo "2717"]
[BlackElo "2746"]
[PlyCount "98"]

1.e4 c5 2.Nf3 e6 3.d4 cxd4 4.Nxd4 a6 5.c4 Nf6 6.Nc3 Bb4 7.Qf3
Qc7 8.a3 Be7 9.Qg3 d6 10.Qxg7 Rg8 11.Qh6 Nbd7 12.Qe3 b6 13.Bd2
Bb7 14.f3 Ne5 15.b3 O-O-O 16.Rc1 Kb8 17.b4 Rc8 18.Na4 Nfd7
19.g3 Nc6 20.Nb3 f5 21.f4 e5 22.Bg2 exf4 23.Qxf4 Bg5 24.Qxf5
Rcf8 25.Qh3 Bxd2+ 26.Nxd2 Nde5 27.Rc3 Bc8 28.Qh4 b5 29.Nb2 Qg7
30.g4 Qa7 31.h3 Bxg4 32.c5 Be2 33.Rg3 Nd4 34.Rxg8 Rxg8 35.Qf6
Qc7 36.Bf1 Bf3 37.Nxf3 Nexf3+ 38.Kd1 Rd8 39.Nd3 dxc5 40.bxc5
Re8 41.Nb4 Qd8 42.Nxa6+ Kb7 43.Qxd8 Rxd8 44.Nb4 Ra8 45.Nc2 Kc6
46.Bd3 Kxc5 47.Rf1 Ne5 48.Nxd4 Kxd4 49.Bxb5 Rxa3 1/2-1/2

[Event "M-Tel Masters"]
[Site "Sofia BUL"]
[Date "2009.05.17"]
[EventDate "2009.05.13"]
[Round "5"]
[Result "1/2-1/2"]
[White "Alexey Shirov"]
[Black "Leinier Dominguez Perez"]
[WhiteElo "2745"]
[BlackElo "2717"]
[PlyCount "86"]

1. e4 c5 2. Nf3 d6 3. d4 cxd4 4. Nxd4 Nf6 5. Nc3 a6 6. Bg5 e6
7. f4 Be7 8. Qf3 Qc7 9. O-O-O Nbd7 10. g4 h6 11. Bxf6 Bxf6
12. h4 Qb6 13. Nb3 Qc7 14. e5 dxe5 15. f5 Nb6 16. Ne4 exf5
17. gxf5 Bd7 18. Na5 O-O-O 19. Nd6+ Kb8 20. Qxb7+ Qxb7
21. Ndxb7 Rc8 22. Nd6 Rc7 23. Rh3 Ka7 24. Ra3 Ra8 25. Bxa6 Kb8
26. Bb7 Rxa5 27. Rxa5 Rxb7 28. Nxb7 Kxb7 29. Rxd7+ Nxd7 30. h5
Bd8 31. Rd5 Kc6 32. c4 Bg5+ 33. Kc2 Nb6 34. Rxe5 Nxc4 35. Re8
Nd6 36. Rg8 Nxf5 37. b4 Bf6 38. a4 Ng3 39. b5+ Kb6 40. Rb8+
Ka7 41. Rf8 Kb6 42. Rb8+ Ka7 43. Rf8 Kb6 1/2-1/2

[Event "M-Tel Masters"]
[Site "Sofia BUL"]
[Date "2009.05.21"]
[EventDate "2009.05.13"]
[Round "8"]
[Result "1/2-1/2"]
[White "Leinier Dominguez Perez"]
[Black "Veselin Topalov"]
[WhiteElo "2717"]
[BlackElo "2812"]
[PlyCount "86"]

1.e4 c5 2.Nf3 d6 3.d4 cxd4 4.Nxd4 Nf6 5.Nc3 a6 6.h3 e6 7.g4
Be7 8.Bg2 Nfd7 9.Be3 Nc6 10.Qd2 Nde5 11.b3 Nxd4 12.Bxd4 O-O
13.O-O-O b5 14.Ne2 Bb7 15.f4 Ng6 16.Rhf1 e5 17.Be3 exf4
18.Nxf4 Ne5 19.Kb1 Rc8 20.Nd5 Bxd5 21.exd5 Bh4 22.g5 Re8
23.Bf3 g6 24.Bg4 Rc7 25.Bb6 Qb8 26.Bxc7 Qxc7 27.Be2 Qd8 28.Rg1
Qb6 29.Qf4 Bf2 30.Rg2 Be3 31.Qe4 Re7 32.Qb4 Rc7 33.h4 Bc5
34.Qe4 Qa5 35.Rg3 Bf2 36.Rh3 h5 37.gxh6 f5 38.Qf4 Rxc2 39.Kxc2
Qxa2+ 40.Kc1 Qa1+ 41.Kc2 Qa2+ 42.Kc1 Qa1+ 43.Kc2 Qa2+ 1/2-1/2

[Event "M-Tel Masters"]
[Site "Sofia BUL"]
[Date "2009.05.22"]
[EventDate "2009.05.13"]
[Round "9"]
[Result "1/2-1/2"]
[White "Leinier Dominguez Perez"]
[Black "Alexey Shirov"]
[WhiteElo "2717"]
[BlackElo "2745"]
[PlyCount "99"]

1. e4 e5 2. Nf3 Nc6 3. Bb5 a6 4. Ba4 Nf6 5. O-O b5 6. Bb3 Bc5
7. a4 Rb8 8. c3 d6 9. d4 Bb6 10. Na3 O-O 11. axb5 axb5
12. Nxb5 Bg4 13. Be3 exd4 14. cxd4 Nxe4 15. Qc2 Qe8 16. Ba4
Bd7 17. Nc3 Nxc3 18. bxc3 Ne7 19. c4 c6 20. Rfe1 Qd8 21. Bg5
f6 22. Bf4 Bf5 23. Qe2 Ng6 24. Be3 c5 25. dxc5 Bxc5 26. Nd4
Bd7 27. Nc6 Bxc6 28. Bxc6 Qb6 29. Bd5+ Kh8 30. g3 f5 31. Bxc5
Qxc5 32. Qe3 Qxe3 33. Rxe3 Ne5 34. f4 Ng4 35. Re6 Rfd8 36. Re7
Nf6 37. Be6 g6 38. Raa7 Re8 39. Bf7 Rb1+ 40. Kg2 Rb2+ 41. Kg1
Reb8 42. Bd5 Rc2 43. Rab7 Rxb7 44. Rxb7 Nxd5 45. cxd5 Rc5
46. Rd7 Rxd5 47. Kf2 Rd2+ 48. Ke3 Rxh2 49. Rxd6 Kg7 50. Rd7+
1/2-1/2

[Event "Capablanca Memorial (Elite)"]
[Site "Havana CUB"]
[Date "2009.06.14"]
[EventDate "2009.06.08"]
[Round "6"]
[Result "1/2-1/2"]
[White "Lazaro Bruzon Batista"]
[Black "Leinier Dominguez Perez"]
[WhiteElo "2617"]
[BlackElo "2717"]
[PlyCount "27"]

1. e4 c5 2. Nf3 d6 3. d4 cxd4 4. Nxd4 Nf6 5. Nc3 a6 6. Be2 e5
7. Nb3 Be7 8. O-O O-O 9. Re1 Be6 10. Bf3 Qc7 11. a4 Nbd7
12. a5 Rfc8 13. h3 h6 14. Be3 1/2-1/2

[Event "Capablanca Memorial (Elite)"]
[Site "Havana CUB"]
[Date "2009.06.16"]
[EventDate "2009.06.08"]
[Round "8"]
[Result "1/2-1/2"]
[White "Leinier Dominguez Perez"]
[Black "Artyom Timofeev"]
[WhiteElo "2721"]
[BlackElo "2677"]
[PlyCount "85"]

1. e4 c5 2. Nf3 Nc6 3. d4 cxd4 4. Nxd4 Nf6 5. Nc3 e5 6. Ndb5
d6 7. Bg5 a6 8. Na3 b5 9. Nd5 Be7 10. Bxf6 Bxf6 11. c3 O-O
12. Nc2 Rb8 13. h4 Be7 14. g3 Be6 15. a3 Qd7 16. Ncb4 Nxb4
17. axb4 Ra8 18. Bg2 Bd8 19. O-O Qc6 20. Ra3 Ra7 21. Ne3 Bb6
22. Qd3 Bxe3 23. Qxe3 Re7 24. Rd1 Rd8 25. Rd2 h6 26. Ra1 Red7
27. Kh2 Qb7 28. Rad1 Qc7 29. Bh3 a5 30. Bxe6 fxe6 31. bxa5
Qxa5 32. Qe2 Qa6 33. Qg4 Qa2 34. Rd3 Qc4 35. Kg1 Kh8 36. R1d2
b4 37. Qg6 d5 38. Qxe6 bxc3 39. bxc3 Qxe4 40. Rd1 Rd6 41. Qe7
R6d7 42. Qe6 Rd6 43. Qe7 1/2-1/2

[Event "Capablanca Memorial (Elite)"]
[Site "Havana CUB"]
[Date "2009.06.17"]
[EventDate "2009.06.08"]
[Round "9"]
[Result "1/2-1/2"]
[White "Boris Savchenko"]
[Black "Leinier Dominguez Perez"]
[WhiteElo "2655"]
[BlackElo "2721"]
[PlyCount "95"]

1. c4 c5 2. b3 Nc6 3. g3 g6 4. Bb2 e5 5. Nc3 Bg7 6. e3 Nge7
7. Bg2 d6 8. Nge2 O-O 9. O-O Be6 10. Nd5 Qd7 11. Re1 Bxd5
12. cxd5 Nb4 13. d4 Nexd5 14. dxc5 dxc5 15. Rc1 Rad8 16. Rxc5
Qe6 17. Qa1 f6 18. Ba3 Rd7 19. Qc1 Rfd8 20. Bf3 Bf8 21. Nc3
Nxc3 22. Rxc3 Kg7 23. Rc7 e4 24. Be2 Nc6 25. Bxf8+ Kxf8
26. Rxd7 Rxd7 27. Kg2 Rd6 28. Rd1 Rxd1 29. Qxd1 Ke7 30. Bc4
Qf5 31. Bd5 Qe5 32. Bg8 h5 33. a3 Qd6 34. Qd5 Qxd5 35. Bxd5 f5
36. f3 exf3+ 37. Kxf3 Ne5+ 38. Ke2 b6 39. e4 Kf6 40. exf5 Kxf5
41. h3 g5 42. Ke3 Nd7 43. Bb7 Nc5 44. Bd5 Ke5 45. Bf7 Ne4
46. Kf3 Nd2+ 47. Ke3 Ne4 48. Bxh5 1/2-1/2

[Event "World Blitz Championship"]
[Site "Moscow RUS"]
[Date "2009.11.16"]
[EventDate "2009.11.16"]
[Round "1"]
[Result "1/2-1/2"]
[White "Evgeny Ilgizovich Bareev"]
[Black "Leinier Dominguez Perez"]
[WhiteElo "2634"]
[BlackElo "2719"]
[PlyCount "75"]

1. d4 d5 2. Nf3 Nf6 3. c4 dxc4 4. e3 e6 5. Bxc4 a6 6. O-O c5
7. dxc5 Bxc5 8. Qxd8+ Kxd8 9. Bd2 Nbd7 10. Bc3 Ke7 11. Nbd2 b5
12. Be2 Bb7 13. Rac1 Bd6 14. Rfd1 Rac8 15. Nb3 Bd5 16. Nfd2 e5
17. a3 Nb6 18. Bb4 Rxc1 19. Rxc1 Rc8 20. Bxd6+ Kxd6 21. Rxc8
Nxc8 22. Nc1 Nb6 23. Bd1 Ne4 24. Nxe4+ Bxe4 25. f3 Bd5 26. b3
Nd7 27. Kf2 f6 28. Bc2 h6 29. h4 Nc5 30. e4 Be6 31. Ke3 a5
32. Bd1 b4 33. axb4 axb4 34. Na2 Na6 35. Nc1 Nc5 36. Na2 Na6
37. Nc1 Nc5 38. Na2 1/2-1/2

[Event "World Blitz Championship"]
[Site "Moscow RUS"]
[Date "2009.11.16"]
[EventDate "2009.11.16"]
[Round "3"]
[Result "1-0"]
[White "Peter Svidler"]
[Black "Leinier Dominguez Perez"]
[WhiteElo "2754"]
[BlackElo "2719"]
[PlyCount "122"]

1. e4 c5 2. Nf3 d6 3. d4 cxd4 4. Nxd4 Nf6 5. Nc3 a6 6. Be2 e5
7. Nb3 Be7 8. O-O O-O 9. Re1 Be6 10. Bf1 Nbd7 11. a4 Rc8
12. a5 Qc7 13. h3 h6 14. Be3 Qc6 15. Nd2 d5 16. exd5 Nxd5
17. Nxd5 Bxd5 18. c4 Be6 19. Qa4 Qc7 20. b4 f5 21. c5 Bd5
22. Bc4 Nf6 23. Qb3 Rcd8 24. Rad1 Kh7 25. Bxd5 Rxd5 26. Nc4
Rfd8 27. Bc1 e4 28. Bb2 Rd3 29. Qc2 Rxd1 30. Rxd1 Rxd1+
31. Qxd1 Qd7 32. Qxd7 Nxd7 33. Ne3 g6 34. Nd5 Bd8 35. Bd4 Kg8
36. b5 Bxa5 37. c6 axb5 38. cxd7 Kf7 39. Kf1 Ke6 40. Nf4+ Kxd7
41. Nxg6 b4 42. Ke2 b3 43. Nf4 Kd6 44. f3 exf3+ 45. Kxf3 Bb6
46. Bb2 Bc5 47. Nd3 Bg1 48. Nc1 b5 49. Nxb3 Kd5 50. Nd2 b4
51. Kf4 Ke6 52. Nf3 Bc5 53. Nd4+ Kd5 54. Nxf5 Kc4 55. g4 Kd3
56. h4 b3 57. h5 Kc2 58. Be5 Kd3 59. Bg7 Bb4 60. Kf3 Ba5
61. Nd6 Bc3 1-0

[Event "World Blitz Championship"]
[Site "Moscow RUS"]
[Date "2009.11.16"]
[EventDate "2009.11.16"]
[Round "5"]
[Result "1/2-1/2"]
[White "Alexander Grischuk"]
[Black "Leinier Dominguez Perez"]
[WhiteElo "2736"]
[BlackElo "2719"]
[PlyCount "31"]

1. d4 d5 2. c4 dxc4 3. e4 e5 4. Nf3 Nf6 5. Bxc4 Nxe4 6. O-O
Nd6 7. Nxe5 Nxc4 8. Nxc4 Be6 9. Ne3 c6 10. Nc3 Bd6 11. d5 cxd5
12. Nexd5 O-O 13. Bf4 Bxd5 14. Bxd6 Qxd6 15. Qxd5 Qxd5
16. Nxd5 1/2-1/2

[Event "World Blitz Championship"]
[Site "Moscow RUS"]
[Date "2009.11.16"]
[EventDate "2009.11.16"]
[Round "7"]
[Result "1-0"]
[White "Vladislav Ivanovich Tkachiev"]
[Black "Leinier Dominguez Perez"]
[WhiteElo "2642"]
[BlackElo "2719"]
[PlyCount "83"]

1. d4 d5 2. c4 dxc4 3. e3 Nf6 4. Bxc4 e6 5. Nf3 a6 6. Qe2 c5
7. dxc5 Bxc5 8. O-O Nc6 9. e4 b5 10. Bb3 Nd4 11. Nxd4 Qxd4
12. Be3 Qe5 13. Bxc5 Qxc5 14. Nc3 Bb7 15. Rad1 Rc8 16. Kh1 O-O
17. e5 Qc6 18. f3 Nd7 19. Rd6 Qc7 20. a3 Nc5 21. Bc2 Bc6
22. Rfd1 g6 23. h3 a5 24. Qe3 Nb7 25. R6d4 Rcd8 26. Qg5 Rxd4
27. Rxd4 h6 28. Qf6 Nc5 29. Rd6 b4 30. axb4 axb4 31. Ne2 b3
32. Bxg6 fxg6 33. Qxg6+ Kh8 34. Qxh6+ Kg8 35. Qg5+ Kh8 36. Rd4
Rf7 37. Rd8+ Kh7 38. Qh4+ Kg6 39. Rg8+ Rg7 40. Rh8 Qe7
41. Nf4+ Kf7 42. Qh5+ 1-0

[Event "World Blitz Championship"]
[Site "Moscow RUS"]
[Date "2009.11.16"]
[EventDate "2009.11.16"]
[Round "8"]
[Result "0-1"]
[White "Boris Gelfand"]
[Black "Leinier Dominguez Perez"]
[WhiteElo "2758"]
[BlackElo "2719"]
[PlyCount "95"]

1. e4 c5 2. Nf3 d6 3. c3 Nf6 4. Be2 g6 5. O-O Bg7 6. Bb5+ Nc6
7. d4 Bd7 8. dxc5 Nxe4 9. cxd6 Nxd6 10. Ba4 b5 11. Bc2 O-O
12. Bf4 Nc4 13. Qc1 e5 14. Bh6 Qe7 15. Bxg7 Kxg7 16. Re1 Rac8
17. Nbd2 Nb6 18. Be4 f6 19. Nf1 Rfd8 20. Ng3 Be6 21. Qe3 Nd5
22. Bxd5 Rxd5 23. a4 b4 24. c4 Rd7 25. b3 Rcd8 26. Qe4 Qc5
27. Qc2 Bg4 28. Ne4 Qe7 29. Ned2 Rd3 30. Re3 Rxe3 31. fxe3
Bxf3 32. gxf3 f5 33. Nf1 Qd6 34. Kf2 Na5 35. Qb2 Kf7 36. Re1
Nb7 37. Re2 Nc5 38. Kg2 Nd3 39. Qa1 h5 40. Rd2 h4 41. e4 Qc5
42. h3 Nf4+ 43. Kh1 Rxd2 44. Nxd2 Qf2 45. Qg1 Qxd2 46. Qxa7+
Kg8 47. Qg1 Qe2 48. Qa1 0-1

[Event "World Blitz Championship"]
[Site "Moscow RUS"]
[Date "2009.11.16"]
[EventDate "2009.11.16"]
[Round "9"]
[Result "1/2-1/2"]
[White "Leinier Dominguez Perez"]
[Black "Sergey Karjakin"]
[WhiteElo "2719"]
[BlackElo "2723"]
[PlyCount "154"]

1. e4 e5 2. Nf3 Nc6 3. Bb5 Nf6 4. d3 Bc5 5. c3 d6 6. O-O O-O
7. Nbd2 a6 8. Ba4 Re8 9. Re1 b5 10. Bb3 Be6 11. Nf1 Bb6 12. h3
h6 13. Ng3 Bxb3 14. axb3 a5 15. Nh2 Qd7 16. Ng4 Nxg4 17. hxg4
f6 18. Nf5 Ne7 19. Be3 Bxe3 20. Rxe3 d5 21. Re1 d4 22. Qc2 c5
23. c4 Nxf5 24. gxf5 Reb8 25. Ra3 Kh7 26. Rea1 Qc7 27. Qd2
bxc4 28. bxc4 Rb4 29. b3 Rab8 30. Rxa5 Rxb3 31. Qd1 Qxa5
32. Rxa5 Rb1 33. Qxb1 Rxb1+ 34. Kh2 Rb3 35. Rxc5 Rxd3 36. Rd5
h5 37. f3 Kh6 38. Rd7 Rc3 39. Rc7 g6 40. fxg6 Kxg6 41. Kg3 f5
42. exf5+ Kxf5 43. Rf7+ Ke6 44. Rh7 e4 45. Rh6+ Ke7 46. Rxh5
e3 47. Kf4 Rxc4 48. Ke4 e2 49. Rh1 Rc2 50. Kd3 Ra2 51. Re1 Kf6
52. Rxe2 Ra4 53. Re4 Ra2 54. Rf4+ Ke5 55. Re4+ Kf6 56. g3 Ra3+
57. Ke2 Ra2+ 58. Kd3 Ra3+ 59. Ke2 Ra2+ 60. Ke1 d3 61. Re3 Rg2
62. g4 d2+ 63. Kd1 Kg5 64. Re2 Rg3 65. Rf2 Kf4 66. Kxd2 Rg1
67. Ke2 Ra1 68. Rf1 Ra2+ 69. Kd3 Rb2 70. Rg1 Kxf3 71. g5 Rb8
72. g6 Rd8+ 73. Kc4 Ke4 74. g7 Rc8+ 75. Kb5 Rg8 76. Kc6 Ke5
77. Kd7 Kf6 1/2-1/2

[Event "World Blitz Championship"]
[Site "Moscow RUS"]
[Date "2009.11.16"]
[EventDate "2009.11.16"]
[Round "10"]
[Result "1/2-1/2"]
[White "Anatoly Karpov"]
[Black "Leinier Dominguez Perez"]
[WhiteElo "2619"]
[BlackElo "2719"]
[PlyCount "76"]

1. d4 d5 2. c4 dxc4 3. Nf3 Nf6 4. e3 e6 5. Bxc4 a6 6. O-O c5
7. dxc5 Bxc5 8. Qxd8+ Kxd8 9. Nbd2 Ke7 10. b3 Nbd7 11. Bb2 b6
12. Rfd1 Bb7 13. Ne1 Rhc8 14. Be2 Ke8 15. Nc4 Bd5 16. Rac1 b5
17. Nd2 Bf8 18. f3 Bb7 19. Nd3 Nd5 20. Kf2 Nc5 21. Bd4 Nd7
22. e4 Nb4 23. Nxb4 Bxb4 24. Nb1 g6 25. a3 Bd6 26. g3 Ke7
27. b4 h5 28. h4 Rxc1 29. Rxc1 a5 30. Bxb5 axb4 31. axb4 Ra2+
32. Be2 Bxb4 33. Nc3 Bxc3 34. Bxc3 Ba6 35. Re1 e5 36. Bb4+ Ke6
37. Ke3 Bxe2 38. Rxe2 Rxe2+ 1/2-1/2

[Event "World Blitz Championship"]
[Site "Moscow RUS"]
[Date "2009.11.16"]
[EventDate "2009.11.16"]
[Round "13"]
[Result "0-1"]
[White "Leinier Dominguez Perez"]
[Black "Viswanathan Anand"]
[WhiteElo "2719"]
[BlackElo "2788"]
[PlyCount "60"]

1. e4 e5 2. Nf3 Nc6 3. Bb5 a6 4. Ba4 Nf6 5. O-O Bc5 6. c3 b5
7. Bb3 d6 8. d3 O-O 9. Nbd2 Bb6 10. Re1 Ne7 11. Nf1 Ng6
12. Ng3 Be6 13. h3 Qd7 14. Nh2 c5 15. Bg5 Ne8 16. Qf3 Nc7
17. Nf5 f6 18. Bd2 d5 19. Rad1 Kh8 20. Ng4 c4 21. Bc2 d4
22. a3 Ne7 23. cxd4 Nxf5 24. exf5 Bd5 25. Qg3 exd4 26. Bf4
Rfe8 27. h4 Rxe1+ 28. Rxe1 Re8 29. Rxe8+ Nxe8 30. h5 h6 0-1